000 00824nam a2200229 i 4500
001 69245
003 ES-MaACL
005 20230906170455.0
007 t|
008 040702s1981 sp |||| | spa d
100 1 _aGarcía Alvarez, Antonio.
_954147
245 1 4 _aLos espacios de ocio en la ordenación del territorio /
_cpor Antonio García Álvarez.
260 _aMadrid :
_bCentro de Estudios de Ordenación del Territorio y Medio Ambiente,
_c1981.
300 _a296 p. ;
_c30 cm.
490 1 _aSerie monografías ;
_v13
650 4 _aOrdenación del territorio.
_9169437
650 4 _aZonas de recreo.
_9169438
710 2 _aCentro de Estudios de Ordenación del Territorio y Medio Ambiente (Madrid)
_92623
830 0 _aSerie monografías ;
_v13
_9179418
852 _aES-MaACL
_jL-5857
999 _c69245
_d69245